| Tag |
First Indicator |
Second Indicator |
Subfields |
| LEADER |
00000nam a2200000Ia 4500 |
| 001 |
in00004332721 |
| 005 |
20200812093658.0 |
| 006 |
m g d |
| 007 |
cr bn |||a|bb| |
| 008 |
070131q16901702enkg o 000 0 eng d |
| 040 |
|
|
|a UMI
|c UMI
|e dcrb
|
| 035 |
|
|
|a (OCoLC)80921730
|
| 037 |
|
|
|a CL0037000128
|b ProQuest Information and Learning, 789 E. Eisenhower Parkway, Ann Arbor, MI 48108-3218
|
| 043 |
|
|
|a e-uk---
|
| 090 |
|
|
|a PR3291
|b .A588 1690x
|
| 049 |
|
|
|a UMIA
|
| 245 |
0 |
3 |
|a An answer to the unconstant shepherd: or, Fair Cynthia's grief and care crowned with joy and happiness, by her lover's return. :
|b To an excellent new tune.
|
| 246 |
3 |
0 |
|a Fair Cynthia's grief and care crowned with joy and happiness, by her lover's return
|
| 260 |
|
|
|a [Westsmithfield] :
|b Printed for Charles Bates next to the Crown Tavern in Westsmithfield.,
|c [between 1690 and 1702].
|
| 300 |
|
|
|a 1 online resource (1 sheet ([1] pages) :
|b music.
|
| 336 |
|
|
|a text
|b txt
|2 rdacontent
|
| 337 |
|
|
|a computer
|b c
|2 rdamedia
|
| 338 |
|
|
|a online resource
|b cr
|2 rdacarrier
|
| 500 |
|
|
|a Date of publication suggested by Wing.
|
| 500 |
|
|
|a Reproduction of original in the Bodleian Library.
|
| 510 |
4 |
|
|a Wing (2nd edition),
|c A3450
|
| 533 |
|
|
|a Electronic reproduction.
|b Ann Arbor, Mich. :
|c UMI,
|d 1999-
|f (Early English books online)
|n Digital version of: (Early English books; 1641-1700 ; 2887:11)
|7 s1999 miun s
|
| 650 |
|
0 |
|a Ballads, English
|y 17th century.
|
| 655 |
|
7 |
|a Broadsides
|z England
|y 17th century.
|2 rbgenr
|
| 830 |
|
0 |
|a Early English books online.
|
| 856 |
4 |
0 |
|u http://proxy.library.tamu.edu/login?url=https://search.proquest.com/docview/2240872277
|z Connect to the full text of this electronic book
|t 0
|
| 994 |
|
|
|a 02
|b UMI
|
| 999 |
f |
f |
|s 3987b9c2-1d4e-37f2-a110-0e8ffb949a91
|i 176e02d3-a119-357d-8d2c-04a755ecae99
|t 0
|
| 952 |
f |
f |
|a Texas A&M University
|b College Station
|c Electronic Resources
|d Available Online
|t 0
|e PR3291 .A588 1690x
|h Library of Congress classification
|
| 998 |
f |
f |
|a PR3291 .A588 1690x
|t 0
|l Available Online
|